<?xml version="1.0" encoding="UTF-8"?>
<marc:record xmlns:marc="http://www.loc.gov/MARC21/slim">
   <marc:leader>00000nam a2200000 a 4500</marc:leader>
   <marc:datafield ind1="1" ind2=" " tag="100">
      <marc:subfield code="a">Jensen, Jessica</marc:subfield>
      <marc:subfield code="4">aut</marc:subfield>
      <marc:subfield code="e">Verfasser/-in</marc:subfield>
   </marc:datafield>
   <marc:datafield ind1="1" ind2=" " tag="100">
      <marc:subfield code="a">Dürkop, Kathrin</marc:subfield>
      <marc:subfield code="4">trl</marc:subfield>
      <marc:subfield code="e">Übersetzer/-in</marc:subfield>
   </marc:datafield>
   <marc:datafield ind1=" " ind2=" " tag="653">
      <marc:subfield code="a">ICD10-F84 : Autismus-Spektrum-Störung ; ASS</marc:subfield>
   </marc:datafield>
   <marc:datafield ind1=" " ind2=" " tag="653">
      <marc:subfield code="a">150 $s Alter : 06-13 Jahre ; Kindesalter</marc:subfield>
   </marc:datafield>
   <marc:datafield ind1=" " ind2=" " tag="653">
      <marc:subfield code="a">Verhaltensauffälligenpädagogik &gt; Methoden</marc:subfield>
   </marc:datafield>
   <marc:datafield ind1=" " ind2=" " tag="653">
      <marc:subfield code="a">ICD10-F90.0 : ADHS</marc:subfield>
   </marc:datafield>
   <marc:datafield ind1=" " ind2=" " tag="653">
      <marc:subfield code="a">ICD10-F00-99 : Psychische STÖR &amp; VerhaltensSTÖR</marc:subfield>
   </marc:datafield>
   <marc:datafield ind1=" " ind2=" " tag="653">
      <marc:subfield code="a">150 $s Kompetenz : Kompetenzentwicklung</marc:subfield>
   </marc:datafield>
   <marc:datafield ind1=" " ind2=" " tag="653">
      <marc:subfield code="a">Method. Ansatz der Kompetenzorientierung</marc:subfield>
   </marc:datafield>
   <marc:datafield ind1=" " ind2=" " tag="653">
      <marc:subfield code="a">ICD10-F80-89 : Entwicklungsstörungen (ES)</marc:subfield>
   </marc:datafield>
   <marc:datafield ind1=" " ind2=" " tag="653">
      <marc:subfield code="a">ICD10-F90-98 : Verhaltensstörungen &amp; Emotionale ST</marc:subfield>
   </marc:datafield>
   <marc:datafield ind1=" " ind2=" " tag="653">
      <marc:subfield code="a">Unterricht, Koch-</marc:subfield>
   </marc:datafield>
   <marc:datafield ind1=" " ind2=" " tag="653">
      <marc:subfield code="a">ICD10-F90 : Hyperkinetische Störungen</marc:subfield>
   </marc:datafield>
   <marc:datafield ind1=" " ind2=" " tag="653">
      <marc:subfield code="a">155 $f Social Stories(TM)</marc:subfield>
   </marc:datafield>
   <marc:datafield ind1="0" ind2="0" tag="245">
      <marc:subfield code="a">KLUGE KIDS Backen &amp; mögen mit Adrian und Super-A</marc:subfield>
   </marc:datafield>
   <marc:datafield ind1="0" ind2="0" tag="245">
      <marc:subfield code="b">Lebenskompetenzen für Kinder mit Autismus und ADHS</marc:subfield>
   </marc:datafield>
   <marc:datafield ind1="0" ind2="0" tag="245">
      <marc:subfield code="c">Jessica Jensen. Kathrin Dürkop</marc:subfield>
   </marc:datafield>
   <marc:datafield ind1=" " ind2="1" tag="264">
      <marc:subfield code="a">[Södra Sandby]</marc:subfield>
      <marc:subfield code="b">Be My Rails</marc:subfield>
      <marc:subfield code="c">2015</marc:subfield>
   </marc:datafield>
   <marc:datafield ind1="1" ind2=" " tag="490">
      <marc:subfield code="a">Adrian und Super-A: Kluge Kids üben</marc:subfield>
      <marc:subfield code="v">1</marc:subfield>
   </marc:datafield>
   <marc:datafield ind1=" " ind2=" " tag="250">
      <marc:subfield code="a">[1. Auflage]</marc:subfield>
   </marc:datafield>
   <marc:datafield ind1="1" ind2=" " tag="520">
      <marc:subfield code="a">Komm mit unserer jungen Superheldin und ihrem Bruder auf eine Reise durch den Alltag und entwickle die Fähigkeit, in kleinen Schritten zu denken und andere zu verstehen. In diesem Übungsbuch werden wir zusammen mit Super-A und Adrian lernen, wie man Spielsachen teilt und dass man bei den gleichen Dingen anderes fühlen kann. Und … was passiert eigentlich, wenn wir die Kekse zu lange backen? &lt;br/&gt;Fähigkeiten in diesem Übungsbuch: du magst - ich nicht; backen; &lt;br/&gt;Die Übungsbücher gibt es in verschiedenen Niveaustufen. Speziell auf Kinder mit Autismus und ADHS zugeschnitten, eigenen sich die KLUGE KIDS &lt;br/&gt;Übungsbücher für Kinder, bei denen Mehrfachantworten möglich sind. Die motorischen Fähigkeiten des Kindes sollen entscheiden, wie es antwortet: "Zeig, mach einen Strich oder gib mit Daumi einen Daumen hoch!" Ein lustiges Lernerlebnis für das wissbegierige Kind! Seite für Seite wird ihr Kind sich bald Ordnung in seiner kleinen Alltagsweit schaffen. &lt;br/&gt;</marc:subfield>
   </marc:datafield>
   <marc:datafield ind1=" " ind2=" " tag="020">
      <marc:subfield code="a">9789198241426</marc:subfield>
      <marc:subfield code="9">9789198241426</marc:subfield>
   </marc:datafield>
   <marc:datafield ind1=" " ind2=" " tag="041">
      <marc:subfield code="a">ger</marc:subfield>
   </marc:datafield>
   <marc:datafield ind1="1" ind2=" " tag="521">
      <marc:subfield code="a">16</marc:subfield>
   </marc:datafield>
   <marc:datafield ind1=" " ind2=" " tag="300">
      <marc:subfield code="a">28 Seiten</marc:subfield>
   </marc:datafield>
</marc:record>
